Responses for Show #7973 - Wednesday, April 17, 2019

James Holzhauer game 10.
James sets a new single-day cash winnings record of $131,127.

Contestants

[<< previous game]

Lorelle Anderson, a law librarian from Sanford, Florida

Hannah Pierson-Compeau, an IT product manager from Washington, D.C.

James Holzhauer, a professional sports gambler from Las Vegas, Nevada (whose 9-day cash winnings total $566,660)

[next game >>]

Jeopardy! Round responses

PRESIDENTS BY DOG
(Alex: We'll give you the dog.)
POTATO SALAD
IN THE MIDDLE
CHILDREN'S BOOKS
MOVIE & TV TERMS
RHYME TIME
    $200 30
Bush 41

James
    $200 29
Boise

James
    $200 28
Numbers

James
    $200 27
Aesop

James
    $200 25
crew

Hannah
    $200 26
Peter's meters

Hannah
    $400 22
(Jimmy) Carter

James
    $400 21
eyes

James
    $400 20
St. Petersburg

James
    $400 14
Percy Jackson

James
    $400 24
wardrobe

Lorelle
    $400 19
rice price

James
    $600 15
Clinton

James
    $600 16
(Sir Walter) Raleigh

James
    $600 17
Gary

James
    $1,000 13
Hop on Pop

Hannah
    $600 23
typecasting

James
    $600 18
a cocky jockey

James
    $800 10
Theodore Roosevelt

Lorelle
    $800 11
the Mashed Potato

James
    $800 9
(Hannah: What is negotiation?)

bargaining

JamesHannah
    $800 12
Harold

Hannah
    $800 7
scale

Lorelle
    $800 8
a metal kettle

Triple Stumper
    $1000 1
(Warren) Harding

James
    $1000 2
home runs

James
    $1000 3
Education

James
    $1000 4
(Alex: [With a sad face] Her name was [*].)

Judy Moody

Triple Stumper
    $1000 6
second unit

Lorelle
    $1000 5
plain Jane

James

Scores at the first commercial break (after clue 15):

James Hannah Lorelle
$6,600 $1,000 $2,600

Scores at the end of the Jeopardy! Round:

James Hannah Lorelle
$11,400 $1,400 $3,000

Double Jeopardy! Round responses

IT'S GOOD TO SEE YOU!
ABBREVIATED MAGAZINES
BRAVING THE ELEMENTS
5, 5
(Alex: Each response is made up of two 5-letter words.)
MUSIC "MAN"
TROUBLE IN RIVER CITY
    $400 30
(Alex: Yes, you're at $71,114.)
[Lorelle chuckles.]
(Alex: The ladies are laughing, Lorelle and Hannah. Yeah, as I mentioned to other contestants, how does it feel to come into a buzzsaw?)

Bruce Lee

James
    $400 29
Sports Illustrated

Lorelle
    $400 28
(Alex: For ferrum.)

Fe

Hannah
    $400 25
white bread

James
    $400 26
"When A Man Loves A Woman"

Lorelle
    $400 27
the Seine

James
    $800 15
Walt Disney

James
    $800 23
Martha Stewart Living

Hannah
    $800 9
plutonium

Triple Stumper
    $800 24
green light

James
    $25,000 20
(Alex: [After Daily Double is revealed] If you control the board and constantly come up with correct responses, you're likely to hit most of the Daily Doubles, which is what you do.)

"Stand By Your Man"

James
    $800 5
the Ganges

James
    $1200 10
(Truman) Capote

Hannah
    $1200 1
Architectural Digest

James
    $1200 6
barium

James
    $1200 13
house mouse

James
    $1200 17
"Man In Black"

James
    $1200 2
the Danube

Hannah
    $1600 11
John Quincy Adams

James
    $1600 22
Southern Living

Lorelle
    $1600 7
[ERRATUM: "Uncommon" was misspelled as "uncommmon".]

rare earth

James
    $11,914 14
brain trust

James
    $1600 18
"Whatta Man"

James
    $1600 3
Phoenix

James
    $2000 12
Sitting Bull

James
    $2000 21
Game Informer

Triple Stumper
    $2000 8
thorium

James
    $2000 16
Final Draft

Triple Stumper
    $2000 19
(James: What is [singing] [*]?)

"Better Man"

James
    $2000 4
the Styx

James

Scores at the end of the Double Jeopardy! Round:

James Hannah Lorelle
$71,114 $5,000 $5,400
(lock game)

[wagering suggestions for these scores]

Final Jeopardy! Round responses

20th CENTURY LITERARY CHARACTERS
(Alex: [To Lorelle] To Kill a Mockingbird.)
...
(Alex: And over to James, now. He had $71,114. He already has the top three spots, as you've heard me say before, for the most winnings on a single program. Did he come up with [*]? Yes, and "this is for you Granny". Is your Grandma still alive?)
(James: [Blows a kiss in the air] No.)
(Alex: No. Aww. All right, you're gonna add some more money.)
[The audience gasps as wager is revealed.]
(Alex: You have just set a one-day record. Again. $131,127 for a now 10-day total of $697,787. Grandma's happy.)
HannahWho is Aq
$4,000
LorelleWho is Atticus Finch
$5,300
JamesWho is Atticus Finch this is for you Granny ♥
$60,013
Atticus Finch

Final scores:

James Hannah Lorelle
$131,127 $1,000 $10,700
10-day champion: $697,787 3rd place: $1,000 2nd place: $2,000

Game dynamics:

Coryat scores:

James Hannah Lorelle
$36,600 $4,600 $5,400
40 R
(including 2 DDs),
0 W
8 R
(including 1 DD),
1 W
7 R,
0 W

Combined Coryat: $46,600

[game clues] [game scores] [suggest correction]

Game tape date: 2019-02-12
The J! Archive is created by fans, for fans. Scraping, republication, monetization, and malicious use prohibited; this site may use cookies and collect identifying information. See terms. The Jeopardy! game show and all elements thereof, including but not limited to copyright and trademark thereto, are the property of Jeopardy Productions, Inc. and are protected under law. This website is not affiliated with, sponsored by, or operated by Jeopardy Productions, Inc. Join the discussion at JBoard.tv.